000 00287nam a22001217a 4500
008 180918b xxu||||| |||| 00| 0 eng d
041 _aeng
080 _a617
100 _a5
101 _aKIR
245 _aThe Handbookk Of Surgical Intesive Care
_cLyerly..H.K
942 _2udc
_cBK
999 _c47909
_d47909